000 00951cam a22002775a 4500
008
020 _a0333433017 (hardback)
040 _aNUST
_cNUST
049 _aMAIN
090 _aRJ101
_bMOR
100 _aMorley, David.,
_aauthor.
245 0 _aMy name is today :
_ban illustrated discussion of child health, society and poverty in less developed countries/
_c David Morley & Hermione Lovel.
260 _aLondon, U.K :
_bMacmillan,
_c1986.
300 _axv, 148 pages :
_bcolour illustrations ;
_c14x22 cm.
336 _atext
_btxt
_2rdacontent
337 _aunmediated
_bn
_2rdamedia
338 _avolume
_bnc
_2rdacarrier
650 _aDeveloping countries.
650 _aChild health services.
650 _aChildren
_xHealth and hygiene.
700 _aLovel, Hermione.,
_aauthor.
907 _a.b10191380
_b31-08-22
_c09-02-06
003
005 20230120203938.0
942 _cBOOKS
_kRJ101
_mMOR
999 _c114348
_d114348